Das Abendmahl Jesu als Brennpunkt des Alten Testaments: Begegnung zwischen den beiden Testamenten - eine bibeltheologische Skizze
| Main Author: | |
|---|---|
| Format: | Print Book |
| Language: | German |
| Subito Delivery Service: | Order now. |
| Check availability: | HBZ Gateway |
| WorldCat: | WorldCat |
| Interlibrary Loan: | Interlibrary Loan for the Fachinformationsdienste (Specialized Information Services in Germany) |
| Published: |
Fribourg, S. Klosterneuburg
Verlag Schweiz.Kath.Bibelwerk
1977
Stuttgart Kath. Bibelwerk 1977 |
| In: |
Biblische Beiträge (N.F., 13)
Year: 1977 |
| Series/Journal: | Biblische Beiträge
N.F., 13 |
| Standardized Subjects / Keyword chains: | B
Lord's Supper
/ Old Testament
|
| Further subjects: | B
Lord's Supper service
|
| Online Access: |
Table of Contents |
MARC
| LEADER | 00000cam a2200000 c 4500 | ||
|---|---|---|---|
| 001 | 1610823907 | ||
| 003 | DE-627 | ||
| 005 | 20251225194154.0 | ||
| 007 | tu | ||
| 008 | 980827s1977 sz ||||| 00| ||ger c | ||
| 020 | |a 3720300137 |9 3-7203-0013-7 | ||
| 035 | |a (DE-627)1610823907 | ||
| 035 | |a (DE-576)055540694 | ||
| 035 | |a (DE-599)BSZ055540694 | ||
| 035 | |a (OCoLC)246360720 | ||
| 035 | |a (OCoLC)03687599 | ||
| 035 | |a (DE-604)8032784635 | ||
| 040 | |a DE-627 |b ger |c DE-627 |e rakwb | ||
| 041 | |a ger | ||
| 044 | |c XA-CH | ||
| 082 | 0 | |a 265.3 | |
| 084 | |a 1 |2 ssgn | ||
| 084 | |a BC 7500 |2 rvk |0 (DE-625)rvk/9681: | ||
| 084 | |a BC 7445 |2 rvk |0 (DE-625)rvk/9668: | ||
| 100 | 1 | |0 (DE-588)121625818 |0 (DE-627)081430574 |0 (DE-576)166290300 |4 aut |a Schenker, Adrian |d 1939- | |
| 109 | |a Schenker, Adrian 1939- |a Schenker, Adrien 1939- |a Schenker, A. 1939- | ||
| 245 | 1 | 4 | |a Das Abendmahl Jesu als Brennpunkt des Alten Testaments |b Begegnung zwischen den beiden Testamenten - eine bibeltheologische Skizze |c Adrian Schenker |
| 264 | 1 | |a Fribourg, S. |a Klosterneuburg |b Verlag Schweiz.Kath.Bibelwerk |c 1977 | |
| 264 | 1 | |a Stuttgart |b Kath. Bibelwerk |c 1977 | |
| 300 | |a 158 S. |b Ill. |c 21 cm | ||
| 336 | |a Text |b txt |2 rdacontent | ||
| 337 | |a ohne Hilfsmittel zu benutzen |b n |2 rdamedia | ||
| 338 | |a Band |b nc |2 rdacarrier | ||
| 490 | 1 | |a Biblische Beiträge |v N.F., 13 | |
| 583 | 1 | |a Archivierung/Langzeitarchivierung gewährleistet |f PEBW |x XA-DE-BW |2 pdager |5 DE-24 | |
| 583 | 1 | |a Archivierung/Langzeitarchivierung gewährleistet |f SSG |x XA-DE-BW |2 pdager |5 DE-21 | |
| 583 | 1 | |a Massenentsäuert |c 2023 |k DE-18 |2 pdager |5 DE-18-161 | |
| 601 | |a Testament | ||
| 650 | 0 | 7 | |0 (DE-588)4135905-7 |0 (DE-627)105661600 |0 (DE-576)209664681 |a Abendmahlsgottesdienst |2 gnd |
| 689 | 0 | 0 | |d s |0 (DE-588)4000081-3 |0 (DE-627)106402196 |0 (DE-576)208836861 |2 gnd |a Abendmahl |
| 689 | 0 | 1 | |d u |0 (DE-588)4001515-4 |0 (DE-627)104603666 |0 (DE-576)208843116 |a Bibel |2 gnd |p Altes Testament |
| 689 | 0 | |5 (DE-627) | |
| 830 | 0 | |a Biblische Beiträge |v N.F., 13 |9 1300 |w (DE-627)130654000 |w (DE-576)007279043 |w (DE-600)844191-1 |7 am | |
| 856 | 4 | 2 | |u http://d-nb.info/203036875/04 |m V:DE-605 |q application/pdf |3 Inhaltsverzeichnis |7 1 |
| 889 | |w (DE-576)9248160255 | ||
| 889 | |w (DE-576)520037049 | ||
| 889 | |w (DE-627)1590037049 | ||
| 889 | |w (DE-627)248160257 | ||
| 935 | |a BIIN |a mteo | ||
| 935 | |i mdedup | ||
| 936 | r | v | |a BC 7500 |b Reihen, die das AT und NT umfassen |k Theologie und Religionswissenschaften |k Bibelwissenschaft |k Biblische Theologie |k Sammelwerke |k Schriftenreihen |k Reihen, die das AT und NT umfassen |0 (DE-627)1270713221 |0 (DE-625)rvk/9681: |0 (DE-576)200713221 |
| 936 | r | v | |a BC 7445 |b Eucharistie |k Theologie und Religionswissenschaften |k Bibelwissenschaft |k Biblische Theologie |k Abhandlungen zum NT |k NT nach sachlichen Gesichtspunkten |k Eucharistie |0 (DE-627)1270713140 |0 (DE-625)rvk/9668: |0 (DE-576)200713140 |
| 951 | |a BO | ||
| BIB | |a 1 | ||
| ELC | |b 1 | ||
| ITA | |a 1 |t 1 | ||
| LOK | |0 000 xxxxxcx a22 zn 4500 | ||
| LOK | |0 001 315482278X | ||
| LOK | |0 003 DE-627 | ||
| LOK | |0 004 1610823907 | ||
| LOK | |0 005 20011109000000 | ||
| LOK | |0 008 980715||||||||||||||||ger||||||| | ||
| LOK | |0 040 |a DE-21 |c DE-627 |d DE-21 | ||
| LOK | |0 852 |a DE-21 | ||
| LOK | |0 852 1 |c 19 A 6863 |9 00 | ||
| LOK | |0 935 |a kram |a konv | ||
| LOK | |0 939 |a 15-07-98 |b l01 | ||
| LOK | |0 000 xxxxxcx a22 zn 4500 | ||
| LOK | |0 001 3154822852 | ||
| LOK | |0 003 DE-627 | ||
| LOK | |0 004 1610823907 | ||
| LOK | |0 005 20100408081202 | ||
| LOK | |0 008 970609||||||||||||||||ger||||||| | ||
| LOK | |0 040 |a DE-21-31 |c DE-627 |d DE-21-31 | ||
| LOK | |0 541 |e 44801 | ||
| LOK | |0 852 |a DE-21-31 | ||
| LOK | |0 852 1 |c Bm II b 75 |m p |9 00 | ||
| LOK | |0 938 |k p | ||
| LOK | |0 939 |a 09-06-97 |b l01 | ||
| LOK | |0 000 xxxxxcx a22 zn 4500 | ||
| LOK | |0 001 3060310327 | ||
| LOK | |0 003 DE-627 | ||
| LOK | |0 004 1610823907 | ||
| LOK | |0 005 20190311232929 | ||
| LOK | |0 008 190311||||||||||||||||ger||||||| | ||
| LOK | |0 035 |a (DE-Tue135-1)23426 | ||
| LOK | |0 040 |a DE-Tue135-1 |c DE-627 |d DE-Tue135-1 | ||
| LOK | |0 852 |a DE-Tue135-1 | ||
| LOK | |0 852 1 |c AT01150 |m p |9 00 | ||
| LOK | |0 852 2 |b D 2 |9 00 | ||
| LOK | |0 935 |a iMON | ||
| LOK | |0 938 |k p | ||
| LOK | |0 939 |a 11-03-19 |b l12 | ||
| ORI | |a SA-MARC-ixtheoa001.raw | ||
| STA | 0 | 0 | |a Lord's Supper service,Eucharist service,Lord's Supper,Lord's supper,Eucharist |
| STB | 0 | 0 | |a Cène,Cène,Sainte-Cène,Sainte-Cène,Messe eucharistique |
| STC | 0 | 0 | |a Celebración de la Santa Cena,Última Cena,Última Cena,Cena del Señor,Cena del Señor |
| STD | 0 | 0 | |a Celebrazione liturgica con Cena del Signore,Celebrazione liturgica con Santa cena,Celebrazione liturgica con Santa cena,Cena del Signore,Cena del Signore <motivo>,Santa cena (motivo),Santa cena,Santa Cena,Santa Cena |
| STE | 0 | 0 | |a 圣餐崇拜,圣餐礼,圣体圣事,圣餐 |
| STF | 0 | 0 | |a 聖餐崇拜,聖餐禮,聖體聖事,聖餐 |
| STG | 0 | 0 | |a Celebração da Santa Ceia,Última Ceia,Última Ceia,Ceia do Senhor,Ceia do Senhor |
| STH | 0 | 0 | |a Вечеря,Вечеря (мотив),Причастие,Служба с причастием |
| STI | 0 | 0 | |a Θεία Ευχαριστία,Θεία Ευχαριστία <μοτίβο>,Δείπνο του Κυρίου (μοτίβο),Θεία Κοινωνία (μοτίβο),Δείπνο του Κυρίου,Θεία Κοινωνία,Λειτουργία της Θείας Ευχαριστίας |
| SUB | |a BIB | ||
| SYE | 0 | 0 | |a Gottesdienst mit Abendmahl,Sakramentsgottesdienst,Abendmahlsfeier,Abendmahl |
| SYG | 0 | 0 | |a Herrenmahl , Hebrew Bible, critical edition,HBCE,Oxford Hebrew Bible,Biblia Hebraica quinta,BHQ,Biblia Hebraica,Biblia Hebraica,Hebräische Bibel,Septuaginta,Septuagint,Masoretentext,Massoretentext,Masoretischer Text,Altes Testament,Tenach,Testamentum vetus,Vetus testamentum,Erstes Testament,L'Ancien Testament,The Old Testament,Jüdische Bibel,Tanach,Tanakh,Tenakh,Miqra,al-ʿAhd al-ʿatīq,Torah neviʾim ketuvim,Torah neviʾim u-ketuvim,Sefer Torah neviʾim ketuvim,Tôrā nĕvîʾîm û-ḵtûvîm,Die Israelitische Bibel,The Hebrew Bible,Kyûyaku Seisho,Tèstamènt bieu,Antiguo Testamento,Nnom Elat,Bible,O.T.,Bible,Old Testament,תנ"ך,תנך |